Carta encíclica Redemptoris Mater

Sparad:
Bibliografiska uppgifter
Huvudupphovsman: Juan Pablo II, Papa
Materialtyp: Bok
Språk:Undetermined
Publicerad: San José, Costa Rica Ediciones Promesa 1987
Ämnen:
Taggar: Lägg till en tagg
Inga taggar, Lägg till första taggen!

MARC

LEADER 00000nam a2200000Ia 4500
008 170316s9999 xx 000 0 und d
090 |a 230 J-2c 
100 |a Juan Pablo II, Papa 
245 |a Carta encíclica Redemptoris Mater 
260 |a San José, Costa Rica 
260 |b Ediciones Promesa 
260 |c 1987 
300 |a 112 páginas 
650 |a TEOLOGÍA 
650 |a ENCICLICAS 
999 |c 18019  |d 18019 
040 |a cru BVZT 
942 |c 15 D  |h 230 J-2c  |2 z